• 首页
  • 本馆介绍
  • 公告通知
  • 最新文献
  • 馆藏检索
  • 电子资源
  • 读者导购
  • 参考咨询
  • 我的图书馆
  • 登录
  • 详细信息显示
  • 放入我的书架
  • 预约/预借图书
  • 作者相关作品
  • 分类相关作品
  • 丛书相关作品
  • 出版社相关作品

书目信息

  • 表格格式
  • 工作单格式
  • 卡片格式
题名:
小学生优秀作文大全
    
 
作者:
分册:  
出版信息: 北京   中国少年儿童出版社  1992.8
页数: 391页
开本: 19cm
丛书名:
单 册:
中图分类: H194.4
科图分类: 41.27
主题词: 作文--小学--选集
电子资源:
ISBN: 7-5007-1556-0
000 00639nam0 2200217 45
001 0194026851
005 20070721101110.79
010    @a7-5007-1556-0@dCNY12.80
100    @a19940712d1992 cdmy0chiy0121 ea
101 0  @achi
102    @aCN@b110000
105    @ay z 000yy
200 10 @a小学生优秀作文大全@AXIAO XUE SHENG YOU XIU ZUO WEN DA QUAN@e精选本@EJING XUAN BEN
210    @a北京@c中国少年儿童出版社@d1992.8@h1996
215    @a391页@d19cm
540 1  @a小学生 作文@AXIAO XUE SHENG ZUO WEN
606    @a作文@x小学@x选集
690    @aH194.4@v三版
692    @a41.27
801  0 @aCN@bTSSF@c20070721
905    @a10447@dH194.4@e260
    
    小学生优秀作文大全:精选本.-北京:中国少年儿童出版社,1992.8(1996)
    391页;19cm
    
    
    ISBN 7-5007-1556-0:CNY12.80
    
●
相关链接 在E读中查询图书 在五车中查询图书 在当当中查询图书 在豆瓣中查询图书


正题名:小学生优秀作文大全     索取号:H194.4/260         预约/预借

序号 登录号 条形码 馆藏地/架位号 状态 备注
1 0768251   207682514   第二样本阅览室/ [索取号:H194.4/260] 在馆    
唐山师范学院图书馆 欢迎您!
大连网信软件有限公司© 版权所有